000 00664nam a22002057a 4500
003 OSt
005 20230127092410.0
008 220916b |||||||| |||| 00| 0 eng d
040 _cBiblioteca Lado V
082 _a708
_bC355b
100 _etextos
245 _aBaltazar Torres/
_bYou are here you live here/
260 _bGaleria Bores & Mallo
300 _a95p.
_c12x17cm
650 _2Tesauro de Arte & Arquitectura
_aCATALOGO
650 _2Tesauro de Arte & Arquitectura
_aEXHIBICION
650 _2Tesauro de Arte & Arquitectura
_aARTE
650 _2Tesauro de Arte & Arquitectura
_aBALTAZAR TORRES
942 _2ddc
_c1
_h708
_iC355b
_n0
999 _c2951
_d2951